<?xml version="1.0" encoding="UTF-8"?>
<record
    xmlns:xsi="http://www.w3.org/2001/XMLSchema-instance"
    xsi:schemaLocation="http://www.loc.gov/MARC21/slim http://www.loc.gov/standards/marcxml/schema/MARC21slim.xsd"
    xmlns="http://www.loc.gov/MARC21/slim">

  <leader>00606nam a22002177a 4500</leader>
  <controlfield tag="005">20250515044831.0</controlfield>
  <controlfield tag="008">240918b        |||||||| |||| 00| 0 eng d</controlfield>
  <datafield tag="020" ind1=" " ind2=" ">
    <subfield code="a">9788176800488</subfield>
  </datafield>
  <datafield tag="040" ind1=" " ind2=" ">
    <subfield code="a">IN-DiNC</subfield>
    <subfield code="c">IN-DiNC</subfield>
  </datafield>
  <datafield tag="041" ind1=" " ind2=" ">
    <subfield code="d">eng</subfield>
  </datafield>
  <datafield tag="082" ind1=" " ind2=" ">
    <subfield code="a">330</subfield>
    <subfield code="b">GOE</subfield>
  </datafield>
  <datafield tag="100" ind1=" " ind2=" ">
    <subfield code="a">Goel, JP</subfield>
    <subfield code="e">author</subfield>
  </datafield>
  <datafield tag="245" ind1=" " ind2=" ">
    <subfield code="a">Introduction to economics (class XII)/</subfield>
    <subfield code="c">by JP Goel and H Goswami</subfield>
  </datafield>
  <datafield tag="250" ind1=" " ind2=" ">
    <subfield code="a">7th rev. ed.</subfield>
  </datafield>
  <datafield tag="260" ind1=" " ind2=" ">
    <subfield code="a">Dibrugarh:</subfield>
    <subfield code="b">Tushar publishing house,</subfield>
    <subfield code="c">2024.</subfield>
  </datafield>
  <datafield tag="300" ind1=" " ind2=" ">
    <subfield code="a">11.19p.</subfield>
  </datafield>
  <datafield tag="650" ind1=" " ind2=" ">
    <subfield code="a">Macroeconomics</subfield>
  </datafield>
  <datafield tag="650" ind1=" " ind2=" ">
    <subfield code="a">Indian economic development</subfield>
  </datafield>
  <datafield tag="700" ind1=" " ind2=" ">
    <subfield code="a">Goswami, H</subfield>
    <subfield code="e">author</subfield>
  </datafield>
  <datafield tag="942" ind1=" " ind2=" ">
    <subfield code="2">ddc</subfield>
    <subfield code="c">BK</subfield>
  </datafield>
  <datafield tag="999" ind1=" " ind2=" ">
    <subfield code="c">11958</subfield>
    <subfield code="d">11958</subfield>
  </datafield>
  <datafield tag="952" ind1=" " ind2=" ">
    <subfield code="0">0</subfield>
    <subfield code="1">0</subfield>
    <subfield code="2">ddc</subfield>
    <subfield code="4">0</subfield>
    <subfield code="7">0</subfield>
    <subfield code="8">ECO</subfield>
    <subfield code="a">MAIN</subfield>
    <subfield code="b">MAIN</subfield>
    <subfield code="c">GEN</subfield>
    <subfield code="d">2024-09-18</subfield>
    <subfield code="g">595.00</subfield>
    <subfield code="l">8</subfield>
    <subfield code="o">330 GOE</subfield>
    <subfield code="p">30303</subfield>
    <subfield code="r">2026-04-17 09:14:56</subfield>
    <subfield code="s">2025-11-28</subfield>
    <subfield code="t">1</subfield>
    <subfield code="w">2024-09-18</subfield>
    <subfield code="y">BK</subfield>
  </datafield>
  <datafield tag="952" ind1=" " ind2=" ">
    <subfield code="0">0</subfield>
    <subfield code="1">0</subfield>
    <subfield code="2">ddc</subfield>
    <subfield code="4">0</subfield>
    <subfield code="7">0</subfield>
    <subfield code="8">ECO</subfield>
    <subfield code="a">MAIN</subfield>
    <subfield code="b">MAIN</subfield>
    <subfield code="c">GEN</subfield>
    <subfield code="d">2024-09-18</subfield>
    <subfield code="g">595.00</subfield>
    <subfield code="l">8</subfield>
    <subfield code="o">330 GOE</subfield>
    <subfield code="p">30304</subfield>
    <subfield code="r">2025-08-26 08:31:54</subfield>
    <subfield code="s">2025-08-26</subfield>
    <subfield code="t">2</subfield>
    <subfield code="w">2024-09-18</subfield>
    <subfield code="y">BK</subfield>
  </datafield>
  <datafield tag="952" ind1=" " ind2=" ">
    <subfield code="0">0</subfield>
    <subfield code="1">0</subfield>
    <subfield code="2">ddc</subfield>
    <subfield code="4">0</subfield>
    <subfield code="7">0</subfield>
    <subfield code="8">ECO</subfield>
    <subfield code="a">MAIN</subfield>
    <subfield code="b">MAIN</subfield>
    <subfield code="c">GEN</subfield>
    <subfield code="d">2025-05-15</subfield>
    <subfield code="g">594.00</subfield>
    <subfield code="l">2</subfield>
    <subfield code="o">330 GOE</subfield>
    <subfield code="p">30778</subfield>
    <subfield code="q">2025-12-12</subfield>
    <subfield code="r">2025-11-27 06:40:24</subfield>
    <subfield code="s">2025-11-27</subfield>
    <subfield code="t">3</subfield>
    <subfield code="w">2025-05-15</subfield>
    <subfield code="y">BK</subfield>
  </datafield>
  <datafield tag="952" ind1=" " ind2=" ">
    <subfield code="0">0</subfield>
    <subfield code="1">0</subfield>
    <subfield code="2">ddc</subfield>
    <subfield code="4">0</subfield>
    <subfield code="7">0</subfield>
    <subfield code="8">ECO</subfield>
    <subfield code="a">MAIN</subfield>
    <subfield code="b">MAIN</subfield>
    <subfield code="c">GEN</subfield>
    <subfield code="d">2025-05-15</subfield>
    <subfield code="g">594.00</subfield>
    <subfield code="l">5</subfield>
    <subfield code="o">330 GOE</subfield>
    <subfield code="p">30779</subfield>
    <subfield code="r">2026-02-02 07:42:19</subfield>
    <subfield code="s">2025-11-11</subfield>
    <subfield code="t">4</subfield>
    <subfield code="w">2025-05-15</subfield>
    <subfield code="y">BK</subfield>
  </datafield>
  <datafield tag="952" ind1=" " ind2=" ">
    <subfield code="0">0</subfield>
    <subfield code="1">0</subfield>
    <subfield code="2">ddc</subfield>
    <subfield code="4">0</subfield>
    <subfield code="7">0</subfield>
    <subfield code="8">ECO</subfield>
    <subfield code="a">MAIN</subfield>
    <subfield code="b">MAIN</subfield>
    <subfield code="c">GEN</subfield>
    <subfield code="d">2025-05-15</subfield>
    <subfield code="g">594.00</subfield>
    <subfield code="l">6</subfield>
    <subfield code="o">330 GOE</subfield>
    <subfield code="p">30780</subfield>
    <subfield code="q">2026-02-14</subfield>
    <subfield code="r">2026-01-27 07:31:08</subfield>
    <subfield code="s">2026-01-27</subfield>
    <subfield code="t">5</subfield>
    <subfield code="w">2025-05-15</subfield>
    <subfield code="y">BK</subfield>
  </datafield>
</record>
